Island Countries Closest to Land - Statistics

General Stats
  • This quiz has been taken 77 times
    36 since last reset
  • The average score is 11 of 14
Answer Stats
Distance Island Country % Correct
52 miles Malta
94%
120 miles Cuba
91%
21 miles United Kingdom
91%
0.5 mile Singapore
88%
45 miles Cyprus
84%
115 miles Japan
84%
15 miles Sri lanka
84%
130 miles Bahamas
81%
85 miles Taiwan
78%
8 miles Trinidad And Tobago
78%
25 mile Indonesia
75%
1 mile Bahrain
66%
95 miles Papua New Guinea
50%
90 miles Grenada
47%
No matching quizzes found
Score Distribution
Percent of People with Each Score
Percentile by Number Answered
Your Score History
You have not taken this quiz since the last reset